000 00461nam a22001697a 4500
003 OSt
005 20250715020709.0
008 250715b |||||||| |||| 00| 0 eng d
020 _a0312306261
040 _aDWCL - Main lib
_cOC
082 _aFic. E92e 2005
100 _aEvanovich, Janet
245 _a Eleven on top/
_cJanet Evanovich
260 _aNew York :
_b St. Martin's press,
_cc2005.
300 _a310 pages ;
_c 21 cm.
942 _2ddc
_cFIC.
_kFic.
_n0
999 _c3673
_d3673